00431nam a2200121 a 450000500170000000800410001704100080005804400070006610000300007324501730010326000230027630000100029920140130092610.0140130b2006 ck ||||| |||| 00| 0 spa d aspa ack aVélez Llinás, Juliana aQué es justo y equitativo en una distribución de beneficios derivados del uso de los recursos genéticos, productos derivados y del componente intangible asociado? aBogotabIAvHc2006 a32 p.